书目信息 |
| 题名: |
學人書影初集
|
|
| 作者: | 辛德勇, 著 | |
| 分册: | ||
| 出版信息: | 北京 九州出版社 2019年 |
|
| 页数: | 384页 | |
| 开本: | 22cm | |
| 丛书名: | ||
| 单 册: | ||
| 中图分类: | G256.29 | |
| 科图分类: | ||
| 主题词: | 书影--shu ying--中国--清代 | |
| 电子资源: | ||
| ISBN: | 978-7-5108-7801-5 | |
| 000 | 01145nam0 2200289 45 | |
| 001 | 012001009489 | |
| 005 | 20140102103457.0 | |
| 010 | @a978-7-5108-7801-5@b精装@dCNY128.00 | |
| 092 | @aCN@bREADER-59691 | |
| 099 | @aCAL 012019051897 | |
| 100 | @a20190422d2019 em y0chiy50 ea | |
| 101 | 0 | @achi |
| 102 | @aCN@b110000 | |
| 105 | @abcfhz 000yy | |
| 106 | @ar | |
| 200 | 1 | @a學人書影初集@AXue Ren Shu Ying Chu Ji@f辛德勇 |
| 210 | @a北京@c九州出版社@d2019年 | |
| 215 | @a384页@c地图, 肖像, 摹真@d22cm | |
| 300 | @a创世纪 | |
| 314 | @a辛德勇, 1959年生, 历史学博士, 现任北京大学历史系教授。 | |
| 330 | @a从事文史研究的学人,不能缺少版本目录学这把钥匙。辛德勇教授从自己的藏书中,选编出一册清代经部书籍的书影,并对每一部书的版本信息做了说明。这些旧刻本古籍,与他的读书与研究密不可分。编选出版这部书影,既是与同道学人交流文史研究的基本观念和方法,也有助于清代版本学研究的走向深入,以揭示版刻特征变化背后的历史文化脉动。 | |
| 518 | 1 | @a学人书影初集 |
| 606 | 0 | @a书影@Ashu ying@y中国@z清代 |
| 690 | @aG256.29@v5 | |
| 701 | 0 | @a辛德勇,@AXin De Yong@f1959-@4著 |
| 801 | 0 | @aCN@b上海新华@c20191020 |
| 905 | @b1188391-3@dG256.29@e98@f3 | |
| 學人書影初集/辛德勇.-北京:九州出版社,2019年 |
| 384页:地图, 肖像, 摹真;22cm |
| 创世纪 |
| ISBN 978-7-5108-7801-5(精装):CNY128.00 |
| 从事文史研究的学人,不能缺少版本目录学这把钥匙。辛德勇教授从自己的藏书中,选编出一册清代经部书籍的书影,并对每一部书的版本信息做了说明。这些旧刻本古籍,与他的读书与研究密不可分。编选出版这部书影,既是与同道学人交流文史研究的基本观念和方法,也有助于清代版本学研究的走向深入,以揭示版刻特征变化背后的历史文化脉动。 |
| ● |
| 相关链接 |
|
|
|
|
正题名:學人書影初集
索取号:G256.29/98
 
预约/预借
| 序号 | 登录号 | 条形码 | 馆藏地/架位号 | 状态 | 备注 |
| 1 | 1188391 | 211883915 | 第一样本阅览室/ [索取号:G256.29/98] | 在馆 | |
| 2 | 1188392 | 211883924 | 第四借阅区/ [索取号:G256.29/98] | 在馆 | |
| 3 | 1188393 | 211883933 | 第四借阅区/ [索取号:G256.29/98] | 在馆 |